Introducción al proyecto eléctrico
Bewaard in:
| Hoofdauteur: | |
|---|---|
| Formaat: | Boek |
| Taal: | Spaans |
| Gepubliceerd in: |
Santiago
Jorge Valenzuela A
2013
|
| Editie: | 5a. ed |
| Onderwerpen: | |
| Tags: |
Voeg label toe
Geen labels, Wees de eerste die dit record labelt!
|
MARC
| LEADER | 00000cam a2200000 a 4500 | ||
|---|---|---|---|
| 001 | UCE1705 | ||
| 003 | CL-VaPUC | ||
| 008 | 140508e20130000cl |||||||||||||||||spa|d | ||
| 082 | 0 | 4 | |a 621.31 |b VAL |2 21 |
| 100 | 0 | |a Valenzuela A., Jorge |e author |9 574079 | |
| 245 | 1 | 0 | |a Introducción al proyecto eléctrico |
| 250 | |a 5a. ed | ||
| 300 | |a 542 p | ||
| 942 | |c BK | ||
| 945 | |d 20140508 16:03:00 |a dcastane | ||
| 260 | |a Santiago |b Jorge Valenzuela A |c 2013 | ||
| 650 | 7 | |a INSTALACIONES ELECTRICAS |2 CL-VaPUC |9 262736 | |
| 650 | 7 | |a PROYECTOS INDUSTRIALES |2 CL-VaPUC |9 358647 | |
| 583 | |a last modification |c 20140508 16:03:00 |k Rodrigo Vera | ||
| 999 | |c 355428 |d 355426 | ||
| 952 | |0 0 |1 0 |3 erb |4 0 |6 621_310000000000000_VAL_2013 |7 0 |8 A |9 462147 |a BIBING |b BIBING |i 5073774 |o 621.31 VAL 2013 |p 5073774 |r 2023-03-02 |w 2019-11-23 |y BK |z Catalogado en:20140508 |k EIE | ||
| 952 | |0 0 |1 0 |3 erb |4 0 |6 621_310000000000000_VAL_2013 |7 0 |8 A |9 462148 |a BIBING |b BIBING |i 5080339 |o 621.31 VAL 2013 |p 5080339 |r 2023-03-02 |w 2019-11-23 |y BK |z Catalogado en:20140717 |k EIE | ||
| 952 | |0 0 |1 0 |3 erb |4 0 |6 621_310000000000000_VAL_2013 |7 0 |8 A |9 462149 |a BIBING |b BIBING |i 5080320 |l 6 |o 621.31 VAL 2013 |p 5080320 |r 2025-01-20 |s 2024-07-19 |w 2019-11-23 |y BK |z Catalogado en:20140717 |k EIE | ||
| 952 | |0 0 |1 0 |3 erb |4 0 |6 621_310000000000000_VAL_2013 |7 0 |8 A |9 462150 |a BIBING |b BIBING |i 5080312 |l 4 |o 621.31 VAL 2013 |p 5080312 |r 2025-01-20 |s 2022-04-01 |w 2019-11-23 |y BK |z Catalogado en:20140717 |k EIE | ||